[Event "10th LCC FIDE Open 2018"]
[Site "London"]
[Date "2018.12.15"]
[Round "7"]
[White "Pollack, Oscar"]
[Black "Bradbury, Neil H"]
[Result "0-1"]
[WhiteElo "2150"]
[BlackElo "2336"]
[Annotator "NA"]
[PlyCount "104"]
[EventDate "2018.12.09"]
[EventType "swiss"]
[EventCountry "ENG"]
[SourceTitle "playchess.com"]
[Source "ChessBase"]
[SourceQuality "1"]
[TimeControl "40/5400+30:1800+30"]

1. e4 {[%emt 0:07:54]} c5 {[%emt 0:00:00]} 2. Nf3 {[%emt 0:00:02]} e6 {[%emt 0:00:00]} 3. d4 {[%emt 0:00:02]} cxd4 {[%emt 0:00:06]} 4. Nxd4 {[%emt 0:00:01]} Nc6 {[%emt 0:00:22]} 5. Nc3 {[%emt 0:00:07]} Qc7 {[%emt 0:00:34]} 6. g3 {[%emt 0:00:12]} a6 {[%emt 0:04:41]} 7. Bg2 {[%emt 0:00:40]} Nf6 {[%emt 0:02:00]} 8. O-O {[%emt 0:00:52]} Be7 {[%emt 0:04:11]} 9. Re1 {[%emt 0:01:57]} d6 {[%emt 0:08:13]} 10. Nxc6 {[%emt 0:03:24]} bxc6 {[%emt 0:00:02]} 11. e5 {[%emt 0:02:33]} dxe5 {[%emt 0:10:30]} 12. Rxe5 {[%emt 0:01:58]} O-O {[%emt 0:01:40]} 13. Bf4 {[%emt 0:07:51]} Qb7 {[%emt 0:15:51] LiveBook: 59 Games} 14. Qd3 {[%emt 0:17:12] B80: Sicilian Scheveningen: 6 g3 and 6 Be3, including English Attack} (14. Na4 Rd8 15. Qf3 Nd5 16. Bd2 Bf6 17. Re4 e5 18. Rae1 Ne7 19. Ba5 Rd5 20. Bc3 Bf5 21. Rb4 Qc7 22. Nb6 {1-0 (35) Movsesian,S (2651)-Sakaev,K (2647) Panormo 2002}) 14... Rd8 {[%emt 0:03:22]} 15. Qc4 {[%emt 0:01:33]} Bd7 $146 {[%emt 0:00:29]} ({Predecessor:} 15... Nd5 16. Rae1 Bd7 17. Bg5 Bxg5 18. Rxg5 Qxb2 19. Na4 Qf6 20. h4 h6 21. Rge5 c5 22. Nxc5 {½-½ (31) Rodin,D (2260)-Moltchanov,R (2411) Voronezh 1999}) 16. Rd1 {[%emt 0:03:11]} Be8 {[%emt 0:01:42]} 17. Ree1 {[%emt 0:03:12]} Qxb2 {[%emt 0:04:41]} 18. Rb1 {[%emt 0:17:35]} (18. Na4 $15 Qb5 19. Qb3) 18... Qxc2 {[%emt 0:02:00]} 19. Rec1 $17 {[%emt 0:00:36]} Qf5 {[%emt 0:06:57]} 20. Rb7 {[%emt 0:00:54]} Nd5 {[%emt 0:02:31]} 21. Bd2 {[%emt 0:07:01]} Ba3 {[%emt 0:11:10]} 22. Be4 {[%emt 0:06:57]} Qh5 {[%emt 0:01:46]} 23. Rcb1 {[%emt 0:02:11]} c5 {[%emt 0:03:29]} 24. Qb3 {[%emt 0:04:11]} Bb4 {[%emt 0:01:09]} 25. Nxd5 {[%emt 0:01:37]} Bxd2 {[%emt 0:05:36]} 26. Nc7 {[%emt 0:01:26]} Rac8 {[%emt 0:00:33]} 27. Nxa6 {[%emt 0:01:29]} c4 {[%emt 0:00:45]} 28. Qc2 {[%emt 0:01:05]} c3 {[%emt 0:01:03]} 29. Nc7 {[%emt 0:02:33]} Bd7 {[%emt 0:00:25]} 30. a4 {[%emt 0:00:32]} g6 {[%emt 0:01:52]} 31. Nb5 {[%emt 0:01:32]} Qc5 {[%emt 0:00:39]} 32. a5 {[%emt 0:02:28]} Bc6 {[%emt 0:02:38]} 33. Bxc6 {[%emt 0:00:39]} Rxc6 {[%emt 0:00:21]} 34. Rb3 {[%emt 0:00:15]} Ra8 {[%emt 0:02:14]} 35. Ra3 {[%emt 0:00:50]} Qe5 {[%emt 0:00:29]} 36. Rb6 {[%emt 0:00:41]} Rc5 {[%emt 0:00:58]} 37. Rb3 {[%emt 0:00:42]} Rxa5 {[%emt 0:00:08]} 38. Na3 {[%emt 0:00:08]} Kg7 {[%emt 0:01:11]} 39. R6b4 {[%emt 0:00:29]} Qd5 {[%emt 0:01:32]} 40. Nb1 {[%emt 0:00:28]} Ra1 {[%emt 0:00:43]} 41. h4 {[%emt 0:30:29]} Qf5 {[%emt 0:02:16]} 42. Re4 {[%emt 0:00:00]} Rc4 {[%emt 0:01:43]} 43. f3 {[%emt 0:00:00]} Rxe4 {[%emt 0:00:15]} 44. fxe4 {[%emt 0:00:00]} Qf3 {[%emt 0:03:46]} 45. Kh2 {[%emt 0:00:00]} Be1 {[%emt 0:00:34]} 46. Rxc3 {[%emt 0:00:00]} Bxc3 {[%emt 0:00:28]} 47. Qxc3+ {[%emt 0:00:00]} Qxc3 {[%emt 0:00:05]} 48. Nxc3 {[%emt 0:00:00]} Kf6 {[%emt 0:00:21]} 49. Kg2 {[%emt 0:00:00]} Ke5 {[%emt 0:00:13]} 50. Kf2 {[%emt 0:00:00]} Ra3 {[%emt 0:01:31]} 51. Nb5 {[%emt 0:00:00]} Rb3 {[%emt 0:00:24]} 52. Na7 {[%emt 0:00:00]} Kxe4 {[%emt 0:00:15]} 0-1

[Event "10th LCC FIDE Open 2018"]
[Site "London"]
[Date "2018.12.15"]
[Round "7"]
[White "Bezuidenhout, Roland"]
[Black "Lyell, Mark"]
[Result "1/2-1/2"]
[WhiteElo "2145"]
[BlackElo "2317"]
[Annotator "NA"]
[PlyCount "93"]
[EventDate "2018.12.09"]
[EventType "swiss"]
[EventCountry "ENG"]
[SourceTitle "playchess.com"]
[Source "ChessBase"]
[SourceQuality "1"]
[TimeControl "40/5400+30:1800+30"]

1. Nf3 {[%emt 0:06:33]} f5 {[%emt 0:00:36]} 2. c4 {[%emt 0:01:23]} Nf6 {[%emt 0:00:21]} 3. g3 {[%emt 0:00:30]} g6 {[%emt 0:01:03]} 4. Bg2 {[%emt 0:00:24]} Bg7 {[%emt 0:00:08]} 5. O-O {[%emt 0:00:23]} O-O {[%emt 0:00:14]} 6. Nc3 {[%emt 0:00:27]} d6 {[%emt 0:00:13]} 7. d4 {[%emt 0:00:39]} Qe8 {[%emt 0:00:06]} 8. d5 {[%emt 0:00:09]} Na6 {[%emt 0:00:30]} 9. Rb1 {[%emt 0:01:16]} Nc5 {[%emt 0:02:51]} 10. Nd4 {[%emt 0:01:38]} Nce4 $146 {[%emt 0:09:08] A87: Dutch Defence: Leningrad System: 5 Nf3} ({Predecessor:} 10... a5 11. b3 h6 12. Bb2 g5 13. Ncb5 Na6 14. e3 Bd7 15. Ne6 Bxe6 16. dxe6 c6 17. Nd4 Nc5 18. Nxf5 Nxe6 19. e4 Qf7 20. Qe2 Rfe8 21. f4 gxf4 22. gxf4 Qh5 23. Bf3 Qg6+ 24. Kh1 Nxf4 25. Qe3 {1-0 (25) Bu,X (2662)-Lu,S (2551) Danzhou 2013}) 11. Ncb5 {[%emt 0:01:35]} Qd8 {[%emt 0:05:49]} 12. f3 {[%emt 0:00:26]} Nc5 {[%emt 0:06:07]} 13. b4 {[%emt 0:00:21]} a6 {[%emt 0:01:11]} 14. Na3 {[%emt 0:05:48]} e5 {[%emt 0:01:11]} 15. bxc5 {[%emt 0:00:34]} exd4 {[%emt 0:00:14]} 16. cxd6 {[%emt 0:00:29]} cxd6 {[%emt 0:04:22]} 17. Nc2 {[%emt 0:01:39]} Qc7 {[%emt 0:01:19]} 18. Qd3 {[%emt 0:05:38]} Nd7 {[%emt 0:11:37]} 19. Qb3 {[%emt 0:09:44]} b5 {[%emt 0:11:49]} 20. cxb5 {[%emt 0:02:20]} axb5 {[%emt 0:01:01]} 21. Na3 {[%emt 0:04:59]} Ba6 {[%emt 0:06:13]} 22. Bf4 {[%emt 0:03:34]} Rfe8 {[%emt 0:09:11]} 23. Rfc1 {[%emt 0:07:38]} Qa7 {[%emt 0:03:09]} 24. Nxb5 {[%emt 0:07:17]} Bxb5 {[%emt 0:00:42]} 25. Qxb5 {[%emt 0:00:06]} Rab8 {[%emt 0:07:27]} 26. Qd3 {[%emt 0:02:29]} Rxb1 {[%emt 0:02:28]} 27. Rxb1 {[%emt 0:00:06]} Qxa2 {[%emt 0:00:44]} 28. Bf1 {[%emt 0:00:09]} Qxd5 {[%emt 0:04:08]} 29. e4 {[%emt 0:00:46]} fxe4 {[%emt 0:02:20]} 30. fxe4 {[%emt 0:00:05]} Qxe4 {[%emt 0:01:43]} 31. Qxe4 {[%emt 0:00:15]} Rxe4 {[%emt 0:00:04]} 32. Bc4+ {[%emt 0:00:10]} Kh8 {[%emt 0:04:57]} 33. Rb7 {[%emt 0:00:09]} Nf6 {[%emt 0:00:39]} 34. Bxd6 {[%emt 0:02:19]} Re8 {[%emt 0:01:05]} 35. Bb5 {[%emt 0:01:52]} Ra8 {[%emt 0:01:08]} 36. Be5 {[%emt 0:01:34]} Nh5 {[%emt 0:01:02]} 37. Bxg7+ {[%emt 0:00:29]} Nxg7 {[%emt 0:00:06]} 38. Rd7 {[%emt 0:00:11]} Nf5 {[%emt 0:00:42]} 39. Bd3 {[%emt 0:01:23]} Ra1+ $11 {[%emt 0:00:40]} 40. Kg2 {[%emt 0:01:41]} Ra2+ {[%emt 0:01:01]} 41. Kh3 {[%emt 0:30:21]} Rd2 {[%emt 0:04:08]} 42. Bxf5 {[%emt 0:00:00]} gxf5 {[%emt 0:00:01]} 43. Kh4 {[%emt 0:00:00]} Rxh2+ {[%emt 0:05:59]} 44. Kg5 {[%emt 0:00:00]} Rg2 {[%emt 0:02:11]} 45. Kxf5 {[%emt 0:00:00]} Rxg3 {[%emt 0:00:34]} 46. Rxd4 {[%emt 0:00:00]} Rg1 {[%emt 0:03:21]} 47. Rg4 {[%emt 0:00:00]} 1/2-1/2

[Event "10th LCC FIDE Open 2018"]
[Site "London"]
[Date "2018.12.15"]
[Round "7"]
[White "Longson, Sarah N"]
[Black "Van Zyl-Rudd, Jack"]
[Result "0-1"]
[WhiteElo "2137"]
[BlackElo "2306"]
[Annotator "NA"]
[PlyCount "100"]
[EventDate "2018.12.09"]
[EventType "swiss"]
[EventCountry "ENG"]
[SourceTitle "playchess.com"]
[Source "ChessBase"]
[SourceQuality "1"]
[TimeControl "40/5400+30:1800+30"]

1. e4 {[%emt 0:00:00]} Nc6 {[%emt 0:00:35]} 2. Nf3 {[%emt 0:00:17]} d6 {[%emt 0:00:36]} 3. d4 {[%emt 0:00:32]} Nf6 {[%emt 0:00:07]} 4. Nc3 {[%emt 0:00:14]} g6 {[%emt 0:00:37]} 5. d5 {[%emt 0:00:25]} Nb8 {[%emt 0:00:08] B00: Queen's Fianchetto Defence, Nimzowitsch Defence} 6. Bf4 {[%emt 0:00:30]} Bg7 {[%emt 0:00:20]} 7. Qd2 {[%emt 0:00:13]} O-O {[%emt 0:04:26]} 8. Bh6 {[%emt 0:00:44]} c6 {[%emt 0:05:39]} (8... e5 9. dxe6 Bxe6 10. Bxg7 Kxg7 11. O-O-O Nc6 12. h3 Re8 13. g4 a6 14. Bg2 {½-½ (47) Giri,A (2782)-Duda,J (2737) Dortmund 2018}) 9. Bxg7 {[%emt 0:00:42]} Kxg7 {[%emt 0:00:08]} 10. O-O-O {[%emt 0:01:03]} Qa5 {[%emt 0:05:15]} 11. Kb1 {[%emt 0:01:37]} Na6 $146 {[%emt 0:02:51]} ({Predecessor:} 11... b5 12. dxc6 Nxc6 13. Qe3 Be6 {0-1 (50) Ganerdene,S (2232)-Ozenir,E (2377) Ahmedabad 2017}) 12. Bxa6 {[%emt 0:07:54]} Qxa6 {[%emt 0:02:52]} 13. h3 {[%emt 0:01:10]} c5 {[%emt 0:14:42]} 14. e5 {[%emt 0:02:47]} dxe5 {[%emt 0:01:57]} 15. Nxe5 {[%emt 0:00:14]} b5 {[%emt 0:03:46]} 16. d6 {[%emt 0:08:15]} ({White should play} 16. Rhe1 $16) 16... b4 {[%emt 0:28:08]} 17. dxe7 {[%emt 0:30:30]} Re8 {[%emt 0:00:01]} 18. Ne2 {[%emt 0:02:24]} (18. Ng4 $1 $11 Bxg4 19. hxg4 bxc3 20. Qxc3) 18... Be6 {[%emt 0:00:51]} 19. b3 {[%emt 0:00:43]} Ne4 {[%emt 0:00:47]} 20. Qd3 {[%emt 0:02:14]} Qxd3 {[%emt 0:04:14]} 21. Nxd3 {[%emt 0:00:09]} c4 {[%emt 0:00:18]} 22. bxc4 {[%emt 0:05:10]} Bxc4 {[%emt 0:00:05]} 23. Rhe1 {[%emt 0:04:53]} ({Avoid the trap} 23. f3 $2 Bxd3 24. cxd3 Nf2 $19 {[%mdl 64] Double Attack}) 23... Rxe7 {[%emt 0:01:26]} 24. f3 {[%emt 0:02:24]} Bxd3 {[%emt 0:00:49]} 25. cxd3 {[%emt 0:01:22]} Nc5 $15 {[%emt 0:05:12]} 26. Nc1 {[%emt 0:07:26]} Rd7 {[%emt 0:00:55]} 27. d4 {[%emt 0:06:45]} Na4 {[%emt 0:03:06]} 28. Rd2 {[%emt 0:01:20]} Nb6 {[%emt 0:04:19]} 29. Nb3 {[%emt 0:01:52]} a5 {[%emt 0:01:44]} 30. Nc5 Rd5 {[%emt 0:00:30]} 31. Re7 Kf6 {[%emt 0:00:30]} 32. Rc7 Rc8 {[%emt 0:00:30]} 33. Ne4+ Kg7 {[%emt 0:00:30]} 34. Rdc2 Rxc7 {[%emt 0:00:30]} 35. Rxc7 Rxd4 {[%emt 0:00:30]} 36. Ng5 Rd7 {[%emt 0:00:30]} 37. Rc6 Nd5 {[%emt 0:00:30]} 38. Rc5 a4 {[%emt 0:00:30]} 39. Ne4 f5 {[%emt 0:00:30]} 40. Ng5 Nc3+ {[%emt 0:00:30]} 41. Kc2 Nxa2 {[%emt 0:30:30]} 42. Ne6+ Kf6 {[%emt 0:00:30]} 43. Nf4 b3+ {[%emt 0:00:30]} 44. Kb2 Rd2+ {[%emt 0:00:30]} 45. Ka3 Rc2 {[%emt 0:00:30]} 46. Ra5 Nc3 {[%emt 0:00:30]} 47. Ra6+ Ke5 {[%emt 0:00:30]} 48. Nd3+ Kd4 {[%emt 0:00:30]} 49. Rd6+ Ke3 {[%emt 0:00:30]} 50. Rd7 Rd2 {[%emt 0:00:30]} 0-1

[Event "10th LCC FIDE Open 2018"]
[Site "London"]
[Date "2018.12.15"]
[Round "7"]
[White "Menzies, Colin"]
[Black "Marzano, Carlo"]
[Result "1/2-1/2"]
[WhiteElo "2132"]
[BlackElo "2222"]
[Annotator "NA"]
[PlyCount "67"]
[EventDate "2018.12.09"]
[EventType "swiss"]
[EventCountry "ENG"]
[SourceTitle "playchess.com"]
[Source "ChessBase"]
[SourceQuality "1"]
[TimeControl "40/5400+30:1800+30"]

1. Nf3 {[%emt 0:00:33]} d5 {[%emt 0:00:00]} 2. c4 {[%emt 0:00:13]} dxc4 {[%emt 0:00:00]} 3. e3 {[%emt 0:00:06]} Nf6 {[%emt 0:00:14]} 4. Bxc4 {[%emt 0:00:28]} e6 {[%emt 0:00:24] LiveBook: 283 Games} 5. O-O {[%emt 0:00:39] A09: Réti Opening: 1 Nf3 d5 2 c4} (5. b3 c5 6. Bb2 Nc6 7. O-O Be7 8. d4 cxd4 9. Nxd4 Nxd4 10. Bxd4 O-O 11. Be2 b6 12. Nc3 Bb7 {½-½ (12) Grachev,B (2626)-Lysyj,I (2631) Sochi 2018}) 5... a6 {[%emt 0:00:27]} 6. Qc2 {[%emt 0:01:12]} b5 $146 {[%emt 0:04:26]} ({Predecessor:} 6... c5 7. d4 b5 8. Be2 Nbd7 9. a4 b4 10. Rd1 Bb7 11. Nbd2 Rc8 12. Nc4 Qc7 {0-1 (42) Arcusa,M (1903)-Humeau,C (2203) Tournefeuille 2009}) 7. Be2 {[%emt 0:00:45]} c5 {[%emt 0:01:59]} 8. a4 {[%emt 0:00:32]} b4 {[%emt 0:00:24]} 9. d3 {[%emt 0:00:50]} Bb7 {[%emt 0:02:04]} 10. Nbd2 {[%emt 0:02:17]} Be7 {[%emt 0:02:14]} 11. Nc4 {[%emt 0:01:10]} O-O {[%emt 0:02:23]} 12. h3 {[%emt 0:03:04]} Qc7 {[%emt 0:01:44]} 13. e4 {[%emt 0:04:32]} Nc6 {[%emt 0:04:45]} 14. Be3 {[%emt 0:03:11]} Rfd8 {[%emt 0:04:33]} 15. Rac1 {[%emt 0:07:10]} Rac8 {[%emt 0:05:54]} 16. g3 {[%emt 0:07:04]} Nd7 {[%emt 0:05:21]} 17. Bf4 {[%emt 0:07:14]} e5 {[%emt 0:00:16]} 18. Be3 {[%emt 0:01:03]} Nf8 {[%emt 0:02:11]} 19. Ncd2 {[%emt 0:09:42]} Ne6 {[%emt 0:18:53]} 20. Nb3 {[%emt 0:04:38]} Qb8 {[%emt 0:00:26]} 21. Qb1 {[%emt 0:06:59]} Ncd4 {[%emt 0:01:30]} 22. Nfxd4 {[%emt 0:03:00]} Nxd4 {[%emt 0:02:39]} 23. Bxd4 {[%emt 0:03:04]} cxd4 $11 {[%emt 0:00:18]} 24. Na5 {[%emt 0:03:38]} Rxc1 {[%emt 0:08:08]} 25. Rxc1 {[%emt 0:03:55]} Rc8 {[%emt 0:00:26]} 26. Bg4 {[%emt 0:04:18]} Rc5 {[%emt 0:10:18]} 27. Rxc5 {[%emt 0:04:18]} Bxc5 {[%emt 0:00:03]} 28. Qc2 {[%emt 0:00:38]} Bb6 {[%emt 0:03:10]} 29. Nxb7 {[%emt 0:01:08]} Qxb7 {[%emt 0:00:03]} 30. Bc8 {[%emt 0:00:16]} Qa8 {[%emt 0:15:10]} 31. Qc4 a5 {[%emt 0:00:30]} 32. Kh2 Qb8 {[%emt 0:00:30]} 33. Qc6 Kf8 {[%emt 0:00:30]} 34. b3 1/2-1/2

[Event "10th LCC FIDE Open 2018"]
[Site "London"]
[Date "2018.12.15"]
[Round "7"]
[White "Johnson, Daniel"]
[Black "Ethelontis, Alexandros N"]
[Result "1-0"]
[WhiteElo "2111"]
[BlackElo "2187"]
[Annotator "NA"]
[PlyCount "157"]
[EventDate "2018.12.09"]
[EventType "swiss"]
[EventCountry "ENG"]
[SourceTitle "playchess.com"]
[Source "ChessBase"]
[SourceQuality "1"]
[TimeControl "40/5400+30:1800+30"]

1. d4 {[%emt 0:09:42]} e6 {[%emt 0:00:00]} 2. c4 {[%emt 0:00:12]} Nf6 {[%emt 0:00:03]} 3. Nc3 {[%emt 0:00:14]} Bb4 {[%emt 0:00:08]} 4. Qc2 {[%emt 0:00:07]} Nc6 {[%emt 0:00:17]} 5. Nf3 {[%emt 0:00:44]} d6 {[%emt 0:00:18]} 6. g3 {[%emt 0:05:19]} O-O {[%emt 0:00:58]} 7. Bg2 {[%emt 0:01:25]} e5 {[%emt 0:01:34]} 8. dxe5 {[%emt 0:03:45] E32: Nimzo-Indian: Classical (4 Qc2): 4...0-0} (8. d5 Ne7 9. O-O a6 10. a3 Bc5 11. Bg5 Ne8 12. b4 Ba7 13. e4 h6 14. Be3 f5 15. Bxa7 Rxa7 16. exf5 Bxf5 {½-½ (51) Nisipeanu,L (2674)-Ponomariov,R (2706) Dortmund 2016}) 8... dxe5 {[%emt 0:00:32]} 9. O-O {[%emt 0:01:14]} Bg4 {[%emt 0:07:33]} 10. Rd1 {[%emt 0:09:47]} Qe7 $146 {[%emt 0:03:11]} ({Predecessor:} 10... Qc8 11. Nd5 Nxd5 12. cxd5 Bxf3 13. dxc6 Bxg2 14. Kxg2 Bd6 15. Be3 b6 {½-½ (60) Flohr,S-Koenig,I Bournemouth/ Dorseth 1939}) 11. Nd5 {[%emt 0:04:01]} Nxd5 {[%emt 0:00:29]} 12. cxd5 {[%emt 0:00:35]} Bxf3 {[%emt 0:42:19]} 13. dxc6 {[%emt 0:02:27]} Bxc6 {[%emt 0:00:44]} 14. Bxc6 {[%emt 0:00:20]} bxc6 {[%emt 0:00:09]} 15. Qxc6 {[%emt 0:00:53]} Bd6 {[%emt 0:10:29]} 16. Be3 {[%emt 0:03:41]} f5 {[%emt 0:01:12]} 17. Rac1 {[%emt 0:02:41]} f4 {[%emt 0:02:57]} 18. Bc5 {[%emt 0:05:47]} Rad8 {[%emt 0:01:16]} 19. Bxd6 {[%emt 0:17:56]} cxd6 {[%emt 0:01:03]} 20. Qd5+ {[%emt 0:00:59]} Kh8 $14 {[%emt 0:03:41]} 21. Rc6 {[%emt 0:11:33]} Rf6 {[%emt 0:04:20]} 22. Rdc1 {[%emt 0:00:04]} h6 {[%emt 0:04:51]} 23. Rc7 {[%emt 0:03:38]} Rd7 {[%emt 0:01:02]} 24. Qa8+ {[%emt 0:01:43]} Kh7 {[%emt 0:01:22]} 25. Qxa7 {[%emt 0:03:04]} Rxc7 {[%emt 0:00:14]} 26. Rxc7 {[%emt 0:01:43]} Qf8 {[%emt 0:00:09]} 27. Qb7 {[%emt 0:03:30]} fxg3 {[%emt 0:01:42]} 28. hxg3 {[%emt 0:00:18]} h5 29. Rc8 {[%emt 0:00:30]} Qf7 30. Qxf7 {[%emt 0:00:30]} Rxf7 31. b4 {[%emt 0:00:30]} Rb7 32. a3 {[%emt 0:00:30]} Ra7 33. Rc3 {[%emt 0:00:30]} Kg6 34. b5 {[%emt 0:00:30]} Kf5 35. b6 {[%emt 0:00:30]} Rb7 36. Rb3 {[%emt 0:00:30]} Ke6 37. a4 {[%emt 0:00:30]} Kd7 38. a5 {[%emt 0:00:30]} Kc6 39. e4 {[%emt 0:00:30]} g5 40. Kf1 {[%emt 0:00:30]} Rb8 41. Rd3 {[%emt 0:30:30]} Ra8 42. Rd5 {[%emt 0:00:30]} Ra6 43. Ke2 {[%emt 0:00:30]} Ra8 44. Kf1 {[%emt 0:00:30]} Rd8 45. Rd1 {[%emt 0:00:30]} Kb5 46. Ra1 {[%emt 0:00:30]} Ka6 47. Ke2 {[%emt 0:00:30]} Rh8 48. Rd1 {[%emt 0:00:30]} Kb7 49. Rd5 {[%emt 0:00:30]} Rd8 50. f4 {[%emt 0:00:30]} exf4 51. gxf4 {[%emt 0:00:30]} Re8 52. Rxg5 {[%emt 0:00:30]} Rxe4+ 53. Kf3 {[%emt 0:00:30]} Ra4 54. Rxh5 {[%emt 0:00:30]} Kc6 55. Rg5 {[%emt 0:00:30]} Ra1 56. Kg4 {[%emt 0:00:30]} d5 57. b7 {[%emt 0:00:30]} Kxb7 58. Rxd5 {[%emt 0:00:30]} Kc6 59. Re5 {[%emt 0:00:30]} Kd6 60. Kf5 {[%emt 0:00:30]} Ra4 61. Re6+ {[%emt 0:00:30]} Kd7 62. Ra6 {[%emt 0:00:30]} Ra1 63. Kf6 {[%emt 0:00:30]} Rh1 64. Ra7+ {[%emt 0:00:30]} Kd6 65. Rg7 {[%emt 0:00:30]} Ra1 66. Rg5 {[%emt 0:00:30]} Ra4 67. Rf5 {[%emt 0:00:30]} Rc4 68. a6 {[%emt 0:00:30]} Ra4 69. Kg5 {[%emt 0:00:30]} Ke7 70. Rf6 {[%emt 0:00:30]} Ra1 71. Rb6 {[%emt 0:00:30]} Rg1+ 72. Kf5 {[%emt 0:00:30]} Ra1 73. Rb7+ {[%emt 0:00:30]} Kd6 74. a7 {[%emt 0:00:30]} Ra4 75. Kg5 {[%emt 0:00:30]} Ra1 76. Kf6 {[%emt 0:00:30]} Ra6 77. Rb6+ {[%emt 0:00:30]} Rxb6 78. a8=Q {[%emt 0:00:30]} Kc7+ 79. Kg5 {[%emt 0:00:30]} 1-0

[Event "10th LCC FIDE Open 2018"]
[Site "London"]
[Date "2018.12.15"]
[Round "7"]
[White "Englisch, Colya"]
[Black "Abbas, Daniel"]
[Result "1/2-1/2"]
[WhiteElo "2105"]
[BlackElo "2280"]
[Annotator "NA"]
[PlyCount "125"]
[EventDate "2018.12.09"]
[EventType "swiss"]
[EventCountry "ENG"]
[SourceTitle "playchess.com"]
[Source "ChessBase"]
[SourceQuality "1"]
[TimeControl "40/5400+30:1800+30"]

1. Nf3 {[%emt 0:00:00]} c5 {[%emt 0:00:00]} 2. g3 {[%emt 0:00:00]} Nc6 {[%emt 0:00:00]} 3. d4 {[%emt 0:00:13]} cxd4 {[%emt 0:00:08]} 4. Nxd4 {[%emt 0:00:28]} e6 {[%emt 0:01:04] LiveBook: 31 Games} 5. Bg2 {[%emt 0:00:58]} Nf6 {[%emt 0:09:42]} 6. O-O {[%emt 0:00:41]} Bc5 {[%emt 0:04:03]} 7. Nb3 {[%emt 0:01:04]} Be7 {[%emt 0:00:16]} 8. c4 {[%emt 0:01:55]} d5 {[%emt 0:05:19]} 9. cxd5 {[%emt 0:02:26]} exd5 {[%emt 0:00:18]} 10. Nc3 {[%emt 0:02:42]} Be6 {[%emt 0:02:09]} 11. Bg5 {[%emt 0:07:23]} O-O {[%emt 0:01:13]} 12. Nd4 {[%emt 0:08:29]} Bg4 {[%emt 0:07:45] D34: Tarrasch Defence: 6 g3 Nf6 7 Bg2 Be7} 13. Qa4 {[%emt 0:05:34]} Bd7 $146 {[%emt 0:04:00]} ({Predecessor:} 13... Qd7 14. Rfd1 Rfd8 15. Nb3 Be6 16. Bxf6 Bxf6 17. Nxd5 Bxd5 18. Bxd5 {1-0 (70) Vakhidov,T (2400)-Faizulaev,A (2382) Tashkent 2018}) 14. Rfd1 {[%emt 0:05:37]} h6 {[%emt 0:03:46]} 15. Be3 {[%emt 0:04:49]} Na5 {[%emt 0:12:22]} 16. Qc2 {[%emt 0:02:05]} Rc8 {[%emt 0:06:48]} 17. Nf5 {[%emt 0:03:33]} Bxf5 {[%emt 0:05:44]} 18. Qxf5 {[%emt 0:00:16]} Nc4 $16 {[%emt 0:01:19]} 19. Bd4 {[%emt 0:26:14]} Nxb2 {[%emt 0:08:20]} 20. Rdc1 {[%emt 0:01:27]} Nc4 {[%emt 0:04:15]} 21. Nxd5 {[%emt 0:03:06]} Nxd5 {[%emt 0:00:55]} 22. Bxd5 {[%emt 0:00:48]} b5 {[%emt 0:07:24]} 23. a4 {[%emt 0:06:28]} a6 {[%emt 0:02:40]} 24. axb5 {[%emt 0:00:49]} axb5 {[%emt 0:00:06]} 25. Qg6 {[%emt 0:08:23]} Bf6 {[%emt 0:01:38]} 26. Bxf6 {[%emt 0:00:13]} Qxf6 {[%emt 0:00:05]} 27. Qxf6 {[%emt 0:00:09]} gxf6 {[%emt 0:00:04]} 28. Ra7 {[%emt 0:01:05]} Nd6 {[%emt 0:00:19]} 29. Rxc8 {[%emt 0:00:32]} Nxc8 {[%emt 0:00:08]} 30. Rb7 {[%emt 0:00:50]} Nd6 {[%emt 0:00:04]} 31. Rb6 {[%emt 0:00:46]} Rd8 {[%emt 0:00:13]} 32. Bc6 {[%emt 0:01:21]} Kg7 {[%emt 0:00:14]} 33. Bxb5 {[%emt 0:01:36]} Nxb5 {[%emt 0:00:07]} 34. Rxb5 {[%emt 0:00:03]} Kg6 {[%emt 0:00:05]} 35. g4 {[%emt 0:00:52]} Rd2 {[%emt 0:00:16]} 36. e3 {[%emt 0:00:18]} Ra2 {[%emt 0:00:09]} 37. Kg2 {[%emt 0:00:34]} Rc2 {[%emt 0:00:15]} 38. h4 {[%emt 0:00:47]} Ra2 {[%emt 0:00:04]} 39. h5+ {[%emt 0:00:40]} Kg7 {[%emt 0:00:04]} 40. Kg3 {[%emt 0:00:20]} Ra4 {[%emt 0:00:06]} 41. f3 {[%emt 0:32:59]} Rc4 {[%emt 0:30:22]} 42. e4 {[%emt 0:00:45]} Ra4 {[%emt 0:00:05]} 43. Kf4 {[%emt 0:00:46]} Ra3 {[%emt 0:00:06]} 44. Rb2 {[%emt 0:00:00]} Rc3 {[%emt 0:00:00]} 45. Re2 {[%emt 0:00:00]} Ra3 {[%emt 0:00:00]} 46. Re3 {[%emt 0:00:00]} Ra5 {[%emt 0:00:00]} 47. Rd3 {[%emt 0:00:00]} Rb5 {[%emt 0:00:00]} 48. Kg3 {[%emt 0:00:00]} Rb2 {[%emt 0:00:00]} 49. Re3 {[%emt 0:00:00]} Ra2 {[%emt 0:00:00]} 50. f4 {[%emt 0:00:00]} Rb2 {[%emt 0:00:00]} 51. e5 {[%emt 0:00:00]} fxe5 {[%emt 0:00:00]} 52. fxe5 {[%emt 0:00:00]} Rb4 {[%emt 0:00:00]} 53. Kf3 {[%emt 0:00:00]} Ra4 {[%emt 0:00:00]} 54. Re4 {[%emt 0:00:00]} Ra1 {[%emt 0:00:00]} 55. Rc4 {[%emt 0:00:00]} Rf1+ {[%emt 0:00:00]} 56. Ke4 {[%emt 0:00:00]} Re1+ {[%emt 0:00:00]} 57. Kd5 {[%emt 0:00:00]} Rd1+ {[%emt 0:00:00]} 58. Rd4 {[%emt 0:00:00]} Re1 {[%emt 0:00:00]} 59. Rf4 {[%emt 0:00:00]} Ra1 {[%emt 0:00:02]} 60. Ke4 {[%emt 0:00:00]} Ra4+ {[%emt 0:02:24]} 61. Kf5 {[%emt 0:00:00]} Ra5 {[%emt 0:00:07]} 62. Rf1 {[%emt 0:02:03]} f6 {[%emt 0:08:11]} 63. Re1 {[%emt 0:00:31]} 1/2-1/2